000 00596nam a2200193Ia 4500
005 20250508155705.0
008 008 250505s9999 xx 000 0 eng d
037 _aDissertations
040 _aFEDL
_beng
_cFEDL
041 _aeng
_2eng
084 _a375.9, JOS/DI
_qFEDL
100 _aJoseph Surjo
_9767290
245 0 _aStudy of the curriculum of history (B.A.Honours) in the degree colleges of the university of Delhi
260 _c1971
300 _a140p.
546 _aM.Ed. Dissertation (Delhi University)
942 _cDIS
_h375.9, JOS/DI
999 _c1358826
_d1358826